000 00426cam a22001217a 4500
008 180718b2001 xxu||||| |||| 00| 0 eng d
100 _aWoolf, Fiona
245 _aIntegrating independent power producers into emerging wholesale power markets
_cby Fiona Woolf and Jonathan Halpern
260 _aWashington, D.C.
_bWorld Bank
_c2001
300 _a37p.
440 _aPolicy research working paper 2703
700 _aHalpern, Jonathan
999 _c287273
_d287273